RICHIE RICH MONEY WORLD DIGEST (Record no. 386183)

MARC details
000 -LEADER
fixed length control field 00313nam a2200121Ia 4500
008 - FIXED-LENGTH DATA ELEMENTS--GENERAL INFORMATION
fixed length control field 100122s9999 xx 000 0 und d
082 ## - DEWEY DECIMAL CLASSIFICATION NUMBER
Item number 12664
245 ## - TITLE STATEMENT
Title RICHIE RICH MONEY WORLD DIGEST
300 ## - PHYSICAL DESCRIPTION
Extent 95
630 ## - SUBJECT ADDED ENTRY--UNIFORM TITLE
Uniform title RICHIE RICH MONEY WORLD DIGEST
730 ## - ADDED ENTRY--UNIFORM TITLE
Uniform title RICHIE RICH MONEY WORLD DIGEST
942 ## - ADDED ENTRY ELEMENTS (KOHA)
Koha item type Book
Holdings
Withdrawn status Lost status Damaged status Not for loan Home library Current library Date acquired Cost, normal purchase price Total Checkouts Full call number Barcode Date last seen Cost, replacement price Price effective from Koha item type Public note
        S.V. Pathak Library, Vile Parle S.V. Pathak Library, Vile Parle 06/21/2005 30.00   12664 SVPPARLE-12664 01/25/2010 30.00 01/25/2010 Book "7)रद्द, , , Cancelled"